• 首页
  • 本馆介绍
  • 公告通知
  • 最新文献
  • 馆藏检索
  • 电子资源
  • 读者导购
  • 参考咨询
  • 我的图书馆
  • 登录
  • 详细信息显示
  • 放入我的书架
  • 预约/预借图书
  • 作者相关作品
  • 分类相关作品
  • 丛书相关作品
  • 出版社相关作品

书目信息

  • 表格格式
  • 工作单格式
  • 卡片格式
题名:
商业演示制作技巧
    
 
作者: 罗汤多 , 怀尔德 著 ;王越 , 江洋 译
分册:  
出版信息: 北京   中国人民大学出版社  2005
页数: 15,190页
开本: 24cm
丛书名: 工商管理经典译丛
单 册:
中图分类: F713.81
科图分类:
主题词: 商业--演示法
电子资源:
ISBN: 7-300-06489-2
000 01261nam0 2200313 450
000 01462nam0 2200373 450
001 TS-203449
005 20070106155846.12
010    @a7-300-06489-2@dCNY25.00
100    @a20060829d2005 em y0chiy0110 ea
101 1  @achi@ceng
102    @aCN@b110000
105    @ay z 000yy
200 1  @a商业演示制作技巧@Ashang ye yan shi zhi zuo ji qiao@f( )克劳迪纳·怀尔德(Claudyne Wilder),( )珍妮弗·罗汤多(Jennifer Rotondo)著@g王越,江洋译
210    @a北京@c中国人民大学出版社@d2005
215    @a15,190页@d24cm
225 2  @a工商管理经典译丛@i管理技能与方法系列
306    @a据原第2版译出
330    @a本书共六章,首先教你如何与观众交流,鼓励听众参与你的演示报告讨论;接着教你明确报告目标、谋求技术上的成功、设计公司蓝图、制作幻灯片,最后多排练。
462  0 @1001002969946@12001 @a管理技能与方法系列
510 1  @aPoint Click & Wow!@eA Quick Guide to Brilliant Laptop Presentations@zeng
606 0  @a商业@x演示法
690    @aF713.81@v3
701  0 @c( )@a罗汤多@Aluo tang duo@c(Rotondo, Jennifer)@4著
701  0 @c( )@a怀尔德@Ahuai er de@c(女,Wilder, Claudyne)@4著
702  0 @a王越@Awang yue@c(翻译)@4译
702  0 @a江洋@Ajiang yang@c(翻译)@4译
801  0 @aCN@b中图数据@c20070106
905    @dF713.81@e229
    
    商业演示制作技巧/( )克劳迪纳·怀尔德(Claudyne Wilder),( )珍妮弗·罗汤多(Jennifer Rotondo)著/王越,江洋译.-北京:中国人民大学出版社,2005
    15,190页;24cm.-(工商管理经典译丛.管理技能与方法系列)
    
    
    ISBN 7-300-06489-2:CNY25.00
    本书共六章,首先教你如何与观众交流,鼓励听众参与你的演示报告讨论;接着教你明确报告目标、谋求技术上的成功、设计公司蓝图、制作幻灯片,最后多排练。
●
相关链接 在E读中查询图书 在五车中查询图书 在当当中查询图书 在豆瓣中查询图书


正题名:商业演示制作技巧     索取号:F713.81/229         预约/预借

序号 登录号 条形码 馆藏地/架位号 状态 备注
1 0617391   206173914   第一样本阅览室/ [索取号:F713.81/229] 在馆    
2 0617392   206173923   第一借阅区/ [索取号:F713.81/229] 在馆    
3 0617393   206173932   第一借阅区/ [索取号:F713.81/229] 在馆    
4 0617394   206173941   第一借阅区/ [索取号:F713.81/229] 在馆    
5 0617395   206173950   第一借阅区/ [索取号:F713.81/229] 在馆    
唐山师范学院图书馆 欢迎您!
大连网信软件有限公司© 版权所有